| 000 | 00968nam a2200217Ia 4500 | ||
|---|---|---|---|
| 999 |
_c40276 _d40276 |
||
| 003 | OSt | ||
| 005 | 20210217152449.0 | ||
| 008 | 160316s2014 xxu||||| |||| 00| 0 eng d | ||
| 020 | _a9788132117933 | ||
| 040 | _cn | ||
| 082 |
_a307.121000 _bMOH |
||
| 100 | _aMohanty Prasanna K | ||
| 245 | _aCities and public policy : An urban agenda for india | ||
| 260 |
_aNew Delhi _bSage Publications _c2014 |
||
| 300 |
_a333p _cxv |
||
| 365 | _b Rs. 995 | ||
| 505 | _aTable of contents Preface Introduction; Cities and Agglomeration Economies; Fallacy of Over-urbanisation; Spatial Planning, Transportation, and Land Use; Right to the City: Making Urbanisation Inclusive; Financing City Development and Services; Using Urban Land as a Resource; Institutional Framework for Good Urban Governance; Cities and Public Policy: An Urban Agenda for India; Bibliography; Index | ||
| 650 | _a1. Urban Policy - India2. Urbanization | ||
| 700 |
_a _a |
||
| 942 |
_2ddc _cBK |
||